000 00307nam a22001337a 4500
008 171023b xxu||||| |||| 00| 0 eng d
020 _a0835925765
041 _aeng
080 _22ND
_a338
100 _a54
101 _aMEN
245 _aGREENHOUSE OPERATION AND MANAGEMENT
_cNELSON,P.V
942 _2udc
_cBK
999 _c35455
_d35455